000
00256 a2200085 4500
020
_a
9783935301791
100
_a
Pappal Suneja
245
_a
Bauhaus and Beyond :A global, postcolonial perspective
260
_b
Architectural journalism and criticism organisation
999
_c
13551
_d
13551